000 00557nam a22001937a 4500
003 BD-DhUIB
005 20260513174134.0
008 260513b |||||||| |||| 00| 0 eng d
020 _a9780262083010
040 _aBD-DhUIB
_cBD-DhUIB
050 _a332.10952
082 _222
100 _aHoshi, Takeo and Kashyap , Anil K.
_91111
245 _aCorporate financing and governance in Japan :
_bthe road to the future /
_cby Takeo Hoshi and Anil K. Kashyap.
260 _cc2001
300 _axx, 358p. :
_billus. ;
_c19cm.
526 _aMBA
942 _2ddc
_cBK
999 _c697
_d697